Statistics for 32島根県の市町村

Click here to take the quiz!

General Stats

  • This quiz has been taken 33 times
    (29 since last reset)
  • The average score is 12 of 19

Answer Stats

Answer% Correct
松江市
100%
出雲市
100%
大田市
95%
浜田市
89%
益田市
89%
安来市
84%
江津市
74%
雲南市
68%
隠岐郡隠岐の島町
63%
隠岐郡知夫村
58%
隠岐郡海士町
53%
隠岐郡西ノ島町
53%
邑智郡邑南町
47%
仁多郡奥出雲町
42%
鹿足郡津和野町
42%
邑智郡川本町
37%
鹿足郡吉賀町
37%
飯石郡飯南町
37%
邑智郡美郷町
26%

Score Distribution

Percentile by Number Answered

Percent of People with Each Score

Your Score History

You have not taken this quiz since the last reset